Регионална библиотека "Любен Каравелов" - Русе

Сексуално привличане (Запис номер 547505)

MARC детайли
000 -Лидер
Контролно поле с фиксирана дължина 01345nam a2200325 a 4500
003 - Код на организацията, давaща контролен номер
Контролно поле BLK
005 - Дата и час на последна редакция
Контролно поле 20250801153942.0
008 - Елементи от данни с фиксирана дължина
fixed length control field 180409b bul|||||r ||||||| ||bul||
020 ## - Международен стандартен номер на книга ISBN
Международен стандартен номер на книга ISBN 978-619-93161-0-8
040 ## - Източник на каталожния запис
Идентификатор на билиотеката - собственик на записа BLK
041 ## - Код за език
Код за езика на текст/звукозапис или на отделно заглавие Български
Код за езика КДБФ Български
080 ## - УДК
Текстов определител УДК Психология на пола
УДК код - определител по УДК 159.922.1
УДК определител -055.1
УДК - код + определител 159.922.1-055.1
100 ## - Редна дума - Автор
Автор Любенов, Любослав Людмилов
Авторска отговорност първи автор
R(LIN) 486055
139 ## - Редно поле
Редна дума Любенов, Любослав Людмилов
Авторски знак Люб - Л 95
245 10 - Сведения за заглавието
Заглавие Сексуално привличане
Подзаглавни данни Изкуството да откраднеш сърцето й завинаги
Редно поле (дума) Любослав Любенов.
250 ## - Област на изданието
Сведения за изданието 2. изд.
257 ## - Страна на издаване
Страна на създаване/издаване България
260 ## - Област на издателските данни
Име на издателя, разпространителя и проч. Vulnera Publishing
Място на издаване, разпространение и проч. Русе
Година на издаване 2025
9 (RLIN) 498526
Издателство - префикс ISBN 978-619-7354- ; 978-954-92465- ; 978-954-8633- ; 978-954-903
300 ## - Физическа характеристика
Страници 276 с.
Илюстрации и др. с табл., сх., ил.
Размери/Мащаб 21 см
380 ## - Жанр
Жанр Философия
500 ## - Общи забележки
Забележка 1. изд. 2021 на изд. Gaiana Book & Art Studio - Русе
650 #4 - Допълнително описание по предмет – тема
Основно описание – тема или топоним Момчета - психология и поведение
9 (RLIN) 162636
650 #4 - Допълнително описание по предмет – тема
Основно описание – тема или топоним Мъже - психология и поведение
9 (RLIN) 243392
653 ## - Ключова дума – ненормативна
Ключова дума момчета
653 ## - Ключова дума – ненормативна
Ключова дума мъже
653 ## - Ключова дума – ненормативна
Ключова дума психология
856 4# - Електронен адрес и достъп
Електронен формат pdf - файл
Инструкция (цена за достъп) 0.00
Права за достъп disable
856 4# - Електронен адрес и достъп
Електронен формат pdf - файл
Инструкция (цена за достъп) 0.00
Права за достъп disable
942 ## - АРТИКУЛИ
Вид на библиотечния материал Книги
Скрит в OPAC Не
Периодичен библиозапис Да
Koha issues (borrowed), all copies 2
999 ## - СИСТЕМНИ КОНТРОЛНИ НОМЕРА
Koha biblionumber 547505
Koha biblioitemnumber 547505
944 ## - СЪЗДАВАНЕ И РЕДАКЦИЯ на ЗАПИСА
Създаване/Редакция
Дата на регистрацията/редакция Нора Радева
Служител, извършил регистрацията/редакцията 30545
Статус, дата на статуса Нора Радева

Няма налични копия.

Vip Innovations Ltd, Rousse, Bulgaria 2025